Statistics for Dragula Season 1 Contestants by Track Record

Click here to take the quiz!

General Stats

  • This quiz has been taken 18 times
  • The average score is 7 of 9

Answer Stats

ScoresAnswer% Correct
1.75Loris
90%
2.5Melissa Befierce
90%
0Pinche Queen
90%
3.5Vander Von Odd
90%
2.25Xochi Mochi
90%
2.5Frankie Doom
80%
2.6Meatball
80%
2.67Foxie Adjuia
60%
1Ursula Major
60%

Score Distribution

Percentile by Number Answered

Percent of People with Each Score

Your Score History

You have not taken this quiz